|
|
|
|
| LEADER |
00000nab a2200000 a 4500 |
| 001 |
vtls010030787 |
| 003 |
SK-MaSNL |
| 005 |
20260305044306.0 |
| 008 |
250708c2009 xo br|p|||||||000 b|slo |
| 015 |
|
|
|a SNBRB2009/11
|2 snkbucl
|
| 035 |
|
|
|a (uuid)326d4d26-e5b3-4063-8a36-5b0c3a56cf00
|
| 035 |
|
|
|a urn:nbn:sk:snk-abc5fh
|
| 035 |
|
|
|a (urnnbn)urn:nbn:sk:snk:ar-000mhv
|
| 038 |
|
|
|a SNKBUCL
|
| 040 |
|
|
|a SNKBUCL
|b slo
|c SNKBUCL
|e AACR2
|
| 041 |
0 |
|
|a slo
|
| 044 |
|
|
|a xo
|c SK
|
| 080 |
|
|
|a 347.77/.78
|2 2001
|
| 080 |
|
|
|a 001.894
|2 2001
|
| 245 |
0 |
0 |
|a Cena WIPO pre Kerestešovcov
|
| 504 |
|
|
|a Bibliogr. odkazy
|
| 600 |
1 |
7 |
|a Keresteš, Ján,
|d 1937-
|2 snkbucl
|9 200532
|
| 600 |
1 |
7 |
|a Keresteš, Ján,
|d 1969-
|2 snkbucl
|9 200533
|
| 650 |
0 |
7 |
|a právo duševného vlastníctva
|2 snkbucl
|9 4270
|
| 650 |
0 |
7 |
|a objavy a vynálezy
|2 snkbucl
|9 2648
|
| 650 |
0 |
7 |
|a Cena WIPO
|2 snkbucl
|9 1627498
|
| 650 |
0 |
7 |
|a objavitelia a vynálezcovia
|2 snkbucl
|9 118812
|
| 650 |
0 |
7 |
|a označenia pôvodu
|2 snkbucl
|9 1515882
|
| 650 |
0 |
7 |
|a zemepisné označenia
|2 snkbucl
|9 640198
|
| 773 |
0 |
|
|t Duševné vlastníctvo
|g Roč. XIII, č. 2 (2009), s. 8-9
|x 1335-2881
|
| 850 |
|
|
|a Slovenská národná knižnica
|
| 852 |
|
|
|a Slovenská národná knižnica
|
| 954 |
|
|
|a odborná, vedecká literatúra pôvodná (slovenská)
|2 lita
|
| 958 |
|
|
|a article15
|
| 958 |
|
|
|a OND
|
| 958 |
|
|
|a SK
|
| 958 |
|
|
|a NB
|
| 958 |
|
|
|a EUIPO
|
| 999 |
|
|
|c 3357708
|d 3359638
|